000 01165cam a2200349 i 4500
001 18608664
005 20170224110037.0
008 150430s2016 nyua 001 0 eng
020 _a9780815345138 (paperback)
020 _a0815345135 (paperback)
020 _a9780815345442 (loose leaf)
020 _a0815345445 (loose leaf)
040 _cPK-LaUMT
082 0 0 _a616.9041
_223
_bSTR-M
100 1 _aStrelkauskas, Anthony J.
245 1 0 _aMicrobiology :
_ba clinical approach /
_cAnthony Strelkauskas, Angela Edwards, Beatrix Fahnert, Gregory Pryor, Jennifer Strelkauskas.
250 _a2nd ed.
260 _aNew York :
_bGarland Science,
_c2016
300 _a722 p. :
_billustrations (some color) ;
_c28 cm
500 _aIncludes index.
650 0 _aMedical microbiology
650 0 _aCommunicable diseases
_xMicrobiology
650 0 _aInfection
_xMicrobiology
650 1 2 _aCommunicable Diseases
_xmicrobiology.
650 1 2 _aInfection
_xmicrobiology.
650 2 2 _aMicrobiological Phenomena.
700 1 _aEdwards, Angela,
700 1 _aFahnert, Beatrix,
700 1 _aPryor, Gregory,
700 1 _aStrelkauskas, Jennifer,
942 _cBK
999 _c91184
_d91184